00476pab a2200145 454500008004000000100002000040245011200060260000900172300001500181362001200196650004700208650003800255650002000293773001700313180718b2012 xxu||||| |||| 00| 0 eng d aPattanaik, B.K. aScenario on changing livelihood patterns and cultural rights of Gaddi tribals in Himachal Pradesh; Overtime c2012 ap.527-535. aJul-Dec acultural rights - India - Himachal Pradesh aTribes - India - Himachal Pradesh aCultural rights aMan in India